Statistiken für Monarchen zuordnen

Klicken Sie hier um das Quiz zu spielen!

Allgemein

  • Dieses Quiz wurde 174 mal gespielt
  • Das Durchschnittsergebnis liegt bei 11 aus 16

Antwortstatistiken

HintAntwort% Korrekt
Yoshihito (1912-1926)Japan
94%
Hassan II. (1961-1999)Marokko
88%
Tiberius (14-37)Römisches Reich
83%
Daoguang (1820-1850)China
80%
Franz Joseph I. (1848-1916)Österreich-Ungarn
80%
Ludwig II. (1864-1886)Bayern
75%
Friedrich Wilhelm IV. (1840-1861)Preußen
73%
Haakon VII. (1905-1957)Norwegen
67%
Kamehameha I. (1795-1819)Hawaii
63%
Heinrich V. (1413-1422)England
62%
Alexander II. (1855-1881)Russland
62%
Wilhelmina (1890-1948)Niederlande
55%
Malcolm IV. (1153-1165)Schottland
51%
Baudouin (1951-1993)Belgien
48%
Alfons XIII. (1886-1931)Spanien
37%
Pippin der Kurze (751-768)Frankenreich
36%

Verteilung der Resultate

Perzentil nach korrekt beantworteten Fragen

Anzahl Personen mit jedem Resultat

Ihre Resultats-Entwicklung

Sie haben dieses Quiz noch nicht gespielt